Statistics for Number Pyramid Puzzle - Subtraction

Click here to take the quiz!

General Stats

  • This quiz has been taken 51 times
  • The average score is 9 of 10

Answer Stats

Brick Answer % Correct
1A34
100%
1B40
100%
1C25
97%
1D41
92%
2A6
92%
2B15
92%
2C16
87%
3A9
87%
3B1
87%
4A8
87%

Score Distribution

Percentile by Number Answered

Percent of People with Each Score

Your Score History

You have not taken this quiz